Automatización de sistemas de riego (planificación y diseño)
Presenta el sistema de automatización de riegos que es una herramienta de apoyo para el proceso de planificación y diseño de proyectos de riego, que facilita y agiliza el trabajo del técnico por su característica de retro-alimentación dinámica a la hora de evaluar el proyecto en diferentes co...
| Main Authors: | , |
|---|---|
| Other Authors: | |
| Format: | Tesis Section = Libro |
| Language: | Undetermined Spanish |
| Published: |
Managua
UNI
1997
|
| Subjects: |
| LEADER | 01259nam a2200241Ia 4500 | ||
|---|---|---|---|
| 008 | 240830s9999 xx 000 0 und d | ||
| 040 | |a BIBLIOTECA-RUSB/ Mon 338.16 M779 | ||
| 041 | |a spa | ||
| 082 | |a Mon 338.16 M779 | ||
| 100 | 1 | |a Montes López, María Lourdes | |
| 100 | 1 | |b Arcía Callejas, Víctor Laureano | |
| 245 | 1 | 0 | |a Automatización de sistemas de riego (planificación y diseño) |
| 260 | |a Managua |b UNI |c 1997 | ||
| 300 | |a 341 p. :il. | ||
| 502 | |a Tesis (Ingeniero en Computación) - UNI, 1997. | ||
| 520 | 3 | |a Presenta el sistema de automatización de riegos que es una herramienta de apoyo para el proceso de planificación y diseño de proyectos de riego, que facilita y agiliza el trabajo del técnico por su característica de retro-alimentación dinámica a la hora de evaluar el proyecto en diferentes condiciones y estados. Contiene manual del usuario el cual permite conocer de forma sencilla el modo de operar las diferentes opciones que brinda. Esta organizado en correspondencia al menú del sistema. | |
| 650 | 7 | |a AMORTIZACIÓN | |
| 650 | 7 | |b DISEÑO DE SISTEMAS | |
| 650 | 7 | |c RIEGO Y CONSERVACIÓN DE LAS AGUAS | |
| 700 | 1 | |a Tutor: |b Quintana Bonilla, Marisela | |
| 942 | |c BK |2 ddc | ||
| 991 | |a TESIS | ||
| 999 | |c 19911 | ||